000
00324nam a2200109Ia 4500
008
170221s9999 xx 000 0 und d
100
_a
Ciorstan Smark
245
_a
Editorial Volume 7 Issue 4
245
_c
Ciorstan Smark, Greg Laing, and Ron Perrin
650
_x
Business
856
_u
http://ro.uow.edu.au/aabfj/vol7/iss4/1/
999
_c
307578
_d
307578